000
00298nam a22001337a 4500
008
170213b xxu||||| |||| 00| 0 eng d
020
_a
0761474862
041
_a
eng
080
_2
3RD
_a
61
100
_a
4
101
_a
SHM
245
_a
ENCYCLOPEDIA OF FAMILY HEALTH
_c
JACOBY, D.B
942
_2
udc
_c
BK
999
_c
5219
_d
5219